书目信息 |
| 题名: |
知识经济
|
|
| 作者: | 吴季松 著 | |
| 分册: | ||
| 出版信息: | 北京 北京科学技术出版社 1998 |
|
| 页数: | 310页 | |
| 开本: | 20cm | |
| 丛书名: | ||
| 单 册: | ||
| 中图分类: | F062.3 | |
| 科图分类: | ||
| 主题词: | 经济学--分支科学 | |
| 电子资源: | ||
| ISBN: | 7-5304-2074-7 | |
| 000 | 00616nam0 2200205 450 | |
| 001 | 0757144850 | |
| 005 | 20070705113049.79 | |
| 010 | @a7-5304-2074-7@dCNY18.00 | |
| 100 | @a20070703d1998 km y0chiy0120 ea | |
| 101 | 0 | @achi |
| 102 | @aCN@b110000 | |
| 200 | 1 | @a知识经济@Azhi shi jing ji@e21世纪社会的新趋势@f吴季松著@Fwu ji song zhu |
| 210 | @a北京@c北京科学技术出版社@d1998 | |
| 215 | @a310页@d20cm | |
| 517 | 1 | @a21世纪社会的新趋势@A21 shi ji she hui de xin qu shi |
| 606 | 0 | @a经济学@x分支科学 |
| 690 | @aF062.3@v3 | |
| 701 | 0 | @a吴季松@Awu ji song@4著 |
| 801 | 0 | @aCN@bPFT@c20070705 |
| 905 | @a10447@dF062.3@e71 | |
| 知识经济:21世纪社会的新趋势/吴季松著.-北京:北京科学技术出版社,1998 |
| 310页;20cm |
| ISBN 7-5304-2074-7:CNY18.00 |
| ● |
| 相关链接 |
|
|
|
|
正题名:知识经济
索取号:F062.3/71
 
预约/预借
| 序号 | 登录号 | 条形码 | 馆藏地/架位号 | 状态 | 备注 |
| 1 | 0765418 | 207654180 | 第一样本阅览室/ [索取号:F062.3/71] | 在馆 |